000 00583nam a2200229Ia 4500
003 OSt
005 20220918221346.0
006 a|||||r|||| 00| 0
007 ta
008 220917b |||||||| |||| 00| 0 eng d
024 _a149,522
037 _cTextual
040 _aARTS
_cARTS
_beng
041 _2eng
_aeng
082 _aT13:87, J4
100 _aGriffiths Ruth
_9140230
245 0 _aAbilities of babies, a study in mental measurement
260 _c1954
650 _aEDUCATION
942 _hT13:87, J4
_cTEXL
_2CC
999 _c272188
_d272188